Substantive in "Alles nur geklaut" - Statistiken

Allgemein
  • Dieses Quiz wurde 118 mal gespielt
  • Das Durchschnittsergebnis liegt bei 11 aus 20
Antwortstatistiken
Substantive % Korrekt
Hit
83%
Nation
81%
Ohr
70%
Betrug
69%
Geld
68%
Chor
67%
Sonne
66%
Benz
65%
Ross
63%
Schloss
63%
Welt
60%
Teich
56%
Gedicht
51%
Held
50%
Gesicht
47%
Schrank
39%
Glück
34%
Heiligenschein
30%
Dank
23%
Gott
23%
Keine übereinstimmenden Quizze gefunden
Verteilung der Resultate
Anzahl Personen mit jedem Resultat
Perzentil nach korrekt beantworteten Fragen
Ihre Resultats-Entwicklung
Sie haben dieses Quiz noch nicht gespielt